LEADER 01385cam0 2200409 450 001 000000280 005 20090310112439.0 100 $a20000103d1968----km-y0itay50------ba 101 1 $aita$ceng 102 $aIT 105 $ay-------001yy 200 1 $aPrezzi e mercati$fRobert Dorfman 210 $aBologna$cIl Mulino$dc1968$hstampa 1990 215 $a244 p.$d22 cm 225 2 $a<>nuova scienza$iSerie di economia 305 $aEd. italiana a cura di Romano Prodi e Piero Formica. 314 $aTraduzione di Piero Formica. 410 0$12001$a<>nuova scienza 451 0$1001000017374 500 10$aPrices and markets$m$930767 610 1 $aDomanda e offerta 610 1 $aPrezzi$aMercati 676 $a338.5$v17$9Costi di produzione 676 $a338.5$v18$9Economia della produzione 676 $a331.123$v20$9Mercato del lavoro. Domanda 676 $a338.52$v21$9Economia generale della produzione. Prezzi 700 1$aDorfman,$bRobert$0664 702 1$aProdi,$bRomano$4070 702 1$aFormica,$bPiero$4070 801 0$aIT$bUNIPARTHENOPE$gRICA$2UNIMARC 912 $a000000280 951 $a338-P/17$b28694$cNAVA1$d20000103 951 $a338-P/18$b28695$cNAVA1$d20000103 951 $a338-P/19$b29610$cNAVA1$d20000103 951 $a338-P/20$b29611$cNAVA1$d20000103 996 $aPrices and markets$930767 997 $aUNIPARTHENOPE LEADER 01169nam0 22002891i 450 001 UON00129385 005 20231205102749.834 010 $a18-992940-8-2 100 $a20020107d2000 |0itac50 ba 101 $aeng 102 $aGB 105 $a|||| 1|||| 200 1 $aˆThe ‰development of the chinese legal profession$fJuan Huby 210 $aDurham$cUniversity of Durham, Department of East Asian Studies$d2000 215 $aVI, 126 p.$d21 cm 410 1$1001UON00129448$12001 $aDurham East Asian Papers$v9 606 $aGIURISPRUDENZA$xCINA$3UONC014036$2FI 620 $aGB$dDurham$3UONL005287 686 $aEO SERIE$cESTREMO ORIENTE - SERIE$2A 700 1$aHU$bJuan$3UONV079638$0668200 712 $aUniversity of Durham, Department of East Asian Studies$3UONV262634$4650 801 $aIT$bSOL$c20240220$gRICA 899 $aSIBA - SISTEMA BIBLIOTECARIO DI ATENEO$2UONSI 912 $aUON00129385 950 $aSIBA - SISTEMA BIBLIOTECARIO DI ATENEO$dSI EO SERIE 1 09 $eSI SA 98191 5 09 996 $aDevelopment of the chinese legal profession$91319295 997 $aUNIOR